000
00239 a2200097 4500
020
_a
9780143475873
100
_a
Prabhudas Gandhi
245
_a
The dawn of life: M. K. Gandhi in South Africa
260
_b
Penguin/Viking
_c
2025
942
_c
OO
999
_c
115654
_d
115653